|
|
|
|
| LEADER |
00000cjm a2200000 i 4500 |
| 001 |
1/5652 |
| 008 |
100312s2005 gr ||||||| | | gre|| |
| 035 |
|
|
|l 10107239
|
| 040 |
|
|
|a GR-MyUa
|b gre
|e AACR2
|
| 041 |
0 |
|
|a gre
|
| 082 |
7 |
|
|a 889.1
|2 (22)
|
| 100 |
1 |
|
|a Καρυωτάκης, Κώστας Γ.,
|d 1896-1928.
|
| 245 |
1 |
2 |
|a Ο Μανόλης Αναγνωστάκης διαβάζει είκοσι ποιήματα του Κώστα Καρυωτάκη
|h [ηχογράφηση].
|
| 260 |
|
|
|a [Χ.τ. :
|b χ.ό.,
|c 2005]
|
| 300 |
|
|
|a 1 δίσκος CD (24 λεπτ.) :
|b ψηφιακός, στέρεο ;
|c 4 3/4 ίν.
|
| 500 |
|
|
|a Διανέμεται δωρεάν με το τεύχος 186 (Οκτ-Νοε-Δεκ 2006) του περιοδικού "Η Λέξη".
|
| 505 |
8 |
|
|a 1. Όλα τα πράγματα που έμειναν -- 2. Δέντρα μου -- 3. Την ώρα αυτή -- 4. Βράδυ -- 5. Σαν δέσμη από τριαντάφυλλα -- 6. Πάρε τα δώρα -- 7. Υστεροφημία -- 8. Θέλω να φύγω πια από δω -- 9. Μόνο -- 10. Αφιέρωμα -- 11. Εσπέρα -- 12. Κι αν έσβησε σαν ίσκιος -- 13. Ο κήπος είμαι -- 14. Τελευταίο ταξίδι -- 15. Είμαστε κάτι -- 16. Ανδρείκελα -- 17. Τι νέοι που φτάσαμεν εδώ -- 18. Χαμόγελο -- 19. Αγάπη -- 20. Νοσταλγία.
|
| 650 |
|
0 |
|a Greek poetry, Modern
|y 20th century.
|
| 700 |
1 |
|
|a Αναγνωστάκης, Μανόλης Α.,
|d 1925-2005,
|e nrt
|
| 852 |
|
|
|a INST
|b SYROS
|c AV
|e 20100312
|h 889.1 ΚΑΡ
|p 005500007768
|q 005500007768
|t CD
|y 23
|
| 901 |
|
|
|a BIBL1-2006-1
|
| 970 |
|
|
|a Κοντού
|b Παρασκευή
|z 12/03/2010
|